000 00285nam a22001217a 4500
008 180809b xxu||||| |||| 00| 0 eng d
041 _aeng
080 _229th
_a51
100 _a36
101 _aMAT
245 _aStandart Mathematical Tables and Formulae
_cBeyer,W.H
942 _2udc
_cBK
999 _c46952
_d46952